[Event "SV Erkenschwick 1 - SV Dinslaken 1"]
[Site "Oberliga NRW 2013/2014"]
[Date "2014.01.12"]
[Round "5.6"]
[White "Van Zutphen, Jimmy"]
[Black "Jaeger, Martin"]
[Result "1/2-1/2"]
[WhiteElo "2141"]
[BlackElo "2051"]
[PlyCount "36"]
[EventDate "2014.??.??"]
[WhiteTeam "SV Erkenschwick 1"]
[BlackTeam "SV Dinslaken 1"]

1. d4 Nf6 2. c3 d5 3. Bg5 c6 4. e3 Bf5 5. Bd3 Bxd3 6. Qxd3 Nbd7 7. Nd2 e6 8. f4
Qb6 9. Rb1 c5 10. Ngf3 Be7 11. O-O O-O 12. Ne5 Rfe8 13. Rf3 Qd6 14. Rh3 g6 15.
Qe2 Bf8 16. Qf2 Bg7 17. Qh4 h5 18. g4 Nxg4 1/2-1/2

[Event "SV Erkenschwick 1 - SV Dinslaken 1"]
[Site "Oberliga NRW 2013/2014"]
[Date "2014.01.12"]
[Round "5.7"]
[White "Walter, Andreas"]
[Black "Eggenstein, Frank"]
[Result "0-1"]
[WhiteElo "2044"]
[BlackElo "1921"]
[PlyCount "78"]
[EventDate "2014.??.??"]
[WhiteTeam "SV Dinslaken 1"]
[BlackTeam "SV Erkenschwick 1"]

1. d4 Nf6 2. c4 g6 3. Nc3 Bg7 4. e4 d6 5. Nf3 O-O 6. Be2 Nc6 7. O-O e5 8. Be3
Ng4 9. Bg5 f6 10. Bc1 Ne7 11. dxe5 fxe5 12. Ng5 Nf6 13. c5 d5 14. exd5 Nexd5
15. Nxd5 Nxd5 16. Bc4 c6 17. Qb3 h6 18. Ne4 Kh7 19. Nd6 Qa5 20. Ne4 Nf4 21. Bd2
Qc7 22. Rfe1 b5 23. Bf1 a5 24. Nd6 Be6 25. Qd1 Qa7 26. Rc1 Rad8 27. a3 Rxd6 28.
g3 Nd3 29. Be3 Nxe1 30. cxd6 Qd7 31. Qxe1 Bd5 32. Qxa5 Rf7 33. Qb4 Qf5 34. Bg2
e4 35. Bd4 Bf8 36. Bc5 Bg7 37. Re1 Bh8 38. Bxe4 Bxe4 39. Qxe4 Qxc5 0-1

[Event "SV Erkenschwick 1 - SV Dinslaken 1"]
[Site "Oberliga NRW 2013/2014"]
[Date "2014.01.12"]
[Round "5.8"]
[White "Strozewski, Frank"]
[Black "Stillger, Bernhard"]
[Result "1/2-1/2"]
[WhiteElo "1956"]
[BlackElo "2195"]
[PlyCount "180"]
[EventDate "2014.??.??"]
[WhiteTeam "SV Erkenschwick 1"]
[BlackTeam "SV Dinslaken 1"]

1. c4 c5 2. Nc3 Nc6 3. g3 g6 4. Bg2 Bg7 5. d3 d6 6. e4 e6 7. Nge2 Nge7 8. O-O
O-O 9. h3 b6 10. Kh2 Bb7 11. Be3 Nd4 12. f4 Qd7 13. Qd2 a6 14. Rae1 b5 15. b3
f5 16. Bg1 Rae8 17. g4 e5 18. gxf5 gxf5 19. Nd5 Nxd5 20. exd5 Re7 21. Bxd4 cxd4
22. Rf3 Kh8 23. Kh1 Bh6 24. Rg1 Rg8 25. Qe1 Qe8 26. Qh4 Rg6 27. fxe5 dxe5 28.
Rxf5 Bc8 29. Rh5 Be3 30. Rf1 Rf7 31. Qe1 Rxg2 32. Kxg2 Rg7+ 33. Ng3 h6 34. Qe2
Qg6 35. Qf3 Bf4 36. Kh1 Qxg3 37. Qxg3 Rxg3 38. c5 Rxd3 39. Kg2 Rc3 40. c6 Kg7
41. Rh4 Kg6 42. Rfxf4 exf4 43. Rxf4 Bxh3+ 44. Kf2 d3 45. Rd4 Bf5 46. Ke3 h5 47.
d6 Rxc6 48. d7 Bxd7 49. Rxd7 Rf6 50. Rxd3 Kg5 51. Rd1 h4 52. Rg1+ Kh5 53. Rh1
Kg4 54. Rg1+ Kh3 55. Rh1+ Kg3 56. Rg1+ Kh2 57. Rg4 h3 58. Ke2 Re6+ 59. Kd2 Rf6
60. Ke2 a5 61. a3 Rf5 62. Rg8 Kh1 63. Rg3 h2 64. Rg8 Re5+ 65. Kd2 Rh5 66. Rg3
Rh4 67. Ke2 Re4+ 68. Kf2 Rf4+ 69. Ke2 b4 70. axb4 axb4 71. Rg8 Rf5 72. Rg4 Rf8
73. Kd3 Rc8 74. Rxb4 Kg2 75. Rh4 h1=Q 76. Rxh1 Kxh1 77. b4 Kg2 78. Kd4 Kf3 79.
b5 Kf4 80. Kd5 Rc1 81. b6 Rb1 82. Kc6 Ke5 83. b7 Ke6 84. Kc7 Rc1+ 85. Kd8 Rb1
86. Kc7 Rc1+ 87. Kd8 Rd1+ 88. Kc7 Rd7+ 89. Kc8 Ke7 90. b8=Q Rd8+ 1/2-1/2

[Event "SV Wattenscheid 2 - SG Porz 2"]
[Site "Oberliga NRW 2013/2014"]
[Date "2014.01.12"]
[Round "5.1"]
[White "Miedema, David"]
[Black "Mladenov, Svetlin"]
[Result "0-1"]
[WhiteElo "2402"]
[BlackElo "2453"]
[PlyCount "112"]
[EventDate "2014.??.??"]
[WhiteTeam "SG Porz 2"]
[BlackTeam "SV Wattenscheid 2"]

1. d4 Nf6 2. c4 c5 3. d5 e6 4. Nc3 exd5 5. cxd5 d6 6. Nf3 g6 7. Nd2 Nbd7 8. e4
Bg7 9. Be2 O-O 10. O-O Re8 11. Qc2 Ne5 12. f4 Neg4 13. Nf3 c4 14. e5 Bf5 15.
Qd1 dxe5 16. fxe5 Nxe5 17. Nxe5 Rxe5 18. Bxc4 b5 19. Bf4 Ng4 20. Bxb5 Qb6+ 21.
Kh1 Nf2+ 22. Rxf2 Qxf2 23. Bxe5 Bxe5 24. Qe2 Qxe2 25. Bxe2 Rb8 26. Nd1 Kg7 27.
Bf3 Bxb2 28. Nxb2 Rxb2 29. h3 Kf6 30. Kh2 Rb1 31. Rxb1 Bxb1 32. a3 Ke5 33. Kg3
Ba2 34. d6 Kxd6 35. Kf4 h6 36. g3 Bb1 37. h4 f6 38. Ke3 Ke5 39. Bg2 h5 40. Bf3
Bf5 41. Be2 Bg4 42. Ba6 g5 43. hxg5 fxg5 44. a4 Kd5 45. a5 Kc5 46. Bd3 Bc8 47.
Be2 h4 48. gxh4 gxh4 49. Kf4 Kb4 50. a6 Ka5 51. Bf1 Bxa6 52. Bh3 Kb4 53. Kg5
Bc4 54. Kxh4 a5 55. Bd7 Bb5 56. Bf5 a4 0-1

[Event "SV Wattenscheid 2 - SG Porz 2"]
[Site "Oberliga NRW 2013/2014"]
[Date "2014.01.12"]
[Round "5.4"]
[White "Hopman, Pieter"]
[Black "Gallinnis, Norbert"]
[Result "1-0"]
[WhiteElo "2372"]
[BlackElo "2268"]
[PlyCount "99"]
[EventDate "2014.??.??"]
[WhiteTeam "SV Wattenscheid 2"]
[BlackTeam "SG Porz 2"]

1. d4 Nf6 2. Nf3 c5 3. d5 c4 4. Nc3 Qa5 5. Bg5 b5 6. a3 Bb7 7. Bxf6 gxf6 8. g3
e6 9. Bg2 Bxd5 10. O-O Bc6 11. e4 Be7 12. Re1 Na6 13. Nd4 Qb6 14. Nd5 Bxd5 15.
exd5 Rc8 16. Qg4 Nc5 17. Rad1 Kf8 18. Qh5 h6 19. b4 cxb3 20. cxb3 f5 21. b4 Na4
22. Nf3 Rc2 23. Kh1 Qxf2 24. Rg1 Qe3 25. Rde1 Re2 26. Ne5 Qxg1+ 27. Rxg1 Rxe5
28. Qd1 Nb6 29. Qd4 Bf6 30. Qc5+ Kg7 31. Qxb5 Nxd5 32. Qxd7 Nc3 33. Bf3 a5 34.
Bh5 Rf8 35. Qc7 axb4 36. axb4 Rb5 37. g4 f4 38. Qxf4 Ra8 39. h4 Nd5 40. Qf2 Rf8
41. g5 hxg5 42. hxg5 Be7 43. Qd4+ Kg8 44. g6 f5 45. g7 Rc8 46. Qe5 Rb6 47. Bg6
Nf6 48. Qh2 Kxg7 49. Bxf5+ Kf7 50. Bg6+ 1-0

[Event "SV Wattenscheid 2 - SG Porz 2"]
[Site "Oberliga NRW 2013/2014"]
[Date "2014.01.12"]
[Round "5.5"]
[White "Peschlow, Patrick"]
[Black "Franke, Johannes"]
[Result "1-0"]
[WhiteElo "2306"]
[BlackElo "2291"]
[Annotator "Doe,John"]
[PlyCount "93"]
[EventDate "2014.??.??"]
[WhiteTeam "SG Porz 2"]
[BlackTeam "SV Wattenscheid 2"]

1. e4 c6 2. d4 d5 3. Nc3 dxe4 4. Nxe4 Nf6 5. Nxf6+ gxf6 6. c3 Bf5 7. Nf3 e6 8.
g3 Nd7 9. Bg2 Bg7 10. O-O O-O 11. Nh4 Bg6 12. c4 Nb6 13. b3 f5 14. Be3 Re8 15.
a4 f4 16. Bxf4 Bxd4 17. Ra2 e5 18. Rd2 c5 19. Be3 Rb8 $11 20. Bxd4 exd4 21. f4
f5 22. Nxg6 hxg6 23. g4 Qf6 24. gxf5 Qxf5 25. Rd3 Re7 26. Bh3 Qf6 27. f5 g5 28.
Rg3 Re3 29. Rxe3 dxe3 30. a5 Rd8 31. Qe2 Nd7 32. Qxe3 Qd4 33. Qxd4 cxd4 34. Bg2
Nc5 35. Bd5+ Kg7 36. f6+ Kf8 37. Rf5 Rd6 38. f7 d3 39. Re5 Rd8 40. Kf2 Nxb3 41.
Rxg5 Ke7 42. Rg8 Rf8 43. h4 Nxa5 44. h5 d2 45. Ke2 Rxf7 46. Bxf7 Kxf7 47. Rg4
1-0

[Event "SV Wattenscheid 2 - SG Porz 2"]
[Site "Oberliga NRW 2013/2014"]
[Date "2014.01.12"]
[Round "5.6"]
[White "Thiel, Thomas"]
[Black "Wagenknecht, Uwe"]
[Result "1-0"]
[WhiteElo "2297"]
[BlackElo "2165"]
[PlyCount "55"]
[EventDate "2014.??.??"]
[WhiteTeam "SV Wattenscheid 2"]
[BlackTeam "SG Porz 2"]

1. e4 c5 2. Nc3 Nc6 3. Bb5 g6 4. Bxc6 bxc6 5. d3 Bg7 6. f4 d6 7. Nf3 Nf6 8. O-O
O-O 9. Qe1 Ne8 10. Kh1 Nc7 11. Qg3 f5 12. e5 Ne6 13. Qf2 Rb8 14. b3 Rb4 15. Ne2
Qc7 16. Bd2 Rb8 17. Rae1 Bd7 18. c4 Rbd8 19. Nc3 Rfe8 20. Na4 h6 21. Qg3 Nf8
22. Bc3 Be6 23. Nh4 Kh7 24. Re2 Qd7 25. Rfe1 Rb8 26. Re3 Rbd8 27. R1e2 Rc8 28.
Nf3 1-0

[Event "SV Wattenscheid 2 - SG Porz 2"]
[Site "Oberliga NRW 2013/2014"]
[Date "2014.01.12"]
[Round "5.7"]
[White "Liard, Thibaud"]
[Black "Hirsch, Stefan"]
[Result "0-1"]
[WhiteElo "2117"]
[BlackElo "2210"]
[PlyCount "132"]
[EventDate "2014.??.??"]
[WhiteTeam "SG Porz 2"]
[BlackTeam "SV Wattenscheid 2"]

1. d4 Nf6 2. c4 g6 3. Nf3 Bg7 4. Nc3 O-O 5. e4 d6 6. Be2 Na6 7. O-O e5 8. Be3
Ng4 9. Bg5 f6 10. Bc1 Nh6 11. Rb1 Nf7 12. b4 exd4 13. Nxd4 c5 14. bxc5 dxc5 15.
Ndb5 Nb4 16. Bf4 Ne5 17. Qxd8 Rxd8 18. Rfd1 Rxd1+ 19. Rxd1 Nbc6 20. Be3 b6 21.
Rd6 Bf8 22. Rd1 Be7 23. h3 Na5 24. Nd5 Kf7 25. Rc1 Bd7 26. Nbc7 Rd8 27. Kf1 Ba4
28. f4 Nd7 29. Bd2 Nb7 30. Bg4 Nd6 31. Bxd7 Bxd7 32. e5 Ne4 33. Bc3 f5 34. Bb2
Bh4 35. Rd1 Be6 36. Ke2 Rd7 37. Nxe6 Kxe6 38. g4 b5 39. gxf5+ gxf5 40. Ne3 Rxd1
41. Kxd1 Bf2 42. Nd5 bxc4 43. Nc7+ Kd7 44. Nd5 Bd4 45. Kc2 Nf2 46. Nf6+ Ke6 47.
Nxh7 Nxh3 48. Bc1 Nf2 49. Nf6 Nd3 50. Nh5 Kf7 51. a3 Kg6 52. e6 Bf6 53. Ng3 Bh4
54. Ne2 Nxc1 55. Nxc1 Be1 56. Kd1 Ba5 57. Ne2 Kf6 58. Ng3 Kxe6 59. Ke2 Bd8 60.
Ke3 Bf6 61. Ne2 Bh4 62. Nc3 Bd8 63. Ne2 Bf6 64. Ng3 Bb2 65. a4 Bc1+ 66. Kf3 c3
0-1

[Event "SV Wattenscheid 2 - SG Porz 2"]
[Site "Oberliga NRW 2013/2014"]
[Date "2014.01.12"]
[Round "5.8"]
[White "Koerber, Matthias"]
[Black "Heedt, Thorsten"]
[Result "1-0"]
[WhiteElo "2087"]
[BlackElo "2098"]
[PlyCount "53"]
[EventDate "2014.??.??"]
[WhiteTeam "SV Wattenscheid 2"]
[BlackTeam "SG Porz 2"]

1. d4 d5 2. c4 e6 3. Nc3 Be7 4. Nf3 Nf6 5. Bg5 O-O 6. e3 h6 7. Bh4 b6 8. cxd5
exd5 9. Qc2 Be6 10. Be2 Nbd7 11. O-O a6 12. Rac1 Re8 13. Rfd1 Qb8 14. Ne5 Qb7
15. Bf3 Rad8 16. Ne2 g5 17. Bg3 Bf8 18. h3 h5 19. Nxd7 Bxd7 20. Be5 g4 21. Bxf6
gxf3 22. gxf3 Re6 23. Qf5 Bh6 24. Kh1 Rd6 25. Rg1+ Kf8 26. Qe5 Re8 27. Be7+ 1-0

[Event "SG Solingen 2 - SK Turm Emsdetten 2"]
[Site "Oberliga NRW 2013/2014"]
[Date "2014.01.12"]
[Round "5.1"]
[White "Pruijssers, Roeland"]
[Black "Hoffmann, Michael"]
[Result "1/2-1/2"]
[WhiteElo "2550"]
[BlackElo "2433"]
[PlyCount "78"]
[EventDate "2014.??.??"]
[WhiteTeam "SK Turm Emsdetten 2"]
[BlackTeam "SG Solingen 2"]

1. e4 c5 2. Nf3 d6 3. d4 cxd4 4. Nxd4 Nf6 5. Nc3 Nc6 6. Bg5 Bd7 7. Qd2 Rc8 8.
f3 Nxd4 9. Qxd4 Qa5 10. Bd2 a6 11. O-O-O g6 12. Kb1 Qc5 13. Be3 Qxd4 14. Bxd4
Bg7 15. g4 Be6 16. h4 h6 17. Nd5 Bxd5 18. exd5 O-O 19. Bh3 Rc7 20. Rhe1 b5 21.
g5 hxg5 22. hxg5 Nh5 23. Bg4 Ng3 24. Bb6 Rb7 25. Bf2 Nf5 26. Re4 Rc8 27. Rde1
Rcc7 28. c3 Be5 29. Bxf5 gxf5 30. Rh4 Rc4 31. Bd4 b4 32. Reh1 bxc3 33. Rh8+ Kg7
34. R8h7+ Kg8 35. Rh8+ Kg7 36. R8h7+ Kg6 37. R7h6+ Kg7 38. Rh7+ Kg6 39. R7h6+
Kg7 1/2-1/2

[Event "SG Solingen 2 - SK Turm Emsdetten 2"]
[Site "Oberliga NRW 2013/2014"]
[Date "2014.01.12"]
[Round "5.2"]
[White "Schaefer, Markus"]
[Black "Kabatianski, Alexander"]
[Result "1-0"]
[WhiteElo "2383"]
[BlackElo "2422"]
[PlyCount "63"]
[EventDate "2014.??.??"]
[WhiteTeam "SG Solingen 2"]
[BlackTeam "SK Turm Emsdetten 2"]

1. e4 c5 2. Nf3 e6 3. d4 cxd4 4. Nxd4 Nc6 5. Nc3 Qc7 6. Be2 Nf6 7. O-O Be7 8.
Be3 O-O 9. f4 d6 10. Kh1 a6 11. a4 Re8 12. Qd2 Bd7 13. Rad1 Rad8 14. Nb3 Bc8
15. Qe1 b6 16. Qg3 Nb4 17. Nd4 Bf8 18. Rd2 Bb7 19. Bf3 d5 20. e5 Ne4 21. Bxe4
dxe4 22. f5 Qc4 23. Kg1 Bc5 24. Nce2 Nd5 25. b3 Qb4 26. Bh6 g6 27. fxe6 Rxe6
28. Kh1 Ree8 29. c4 e3 30. Rd3 Ne7 31. e6 f5 32. Qe5 1-0

[Event "SG Solingen 2 - SK Turm Emsdetten 2"]
[Site "Oberliga NRW 2013/2014"]
[Date "2014.01.12"]
[Round "5.3"]
[White "Fiebig, Thomas"]
[Black "Michalczak, Thomas"]
[Result "1/2-1/2"]
[WhiteElo "2379"]
[BlackElo "2304"]
[Annotator "Doe,John"]
[PlyCount "126"]
[EventDate "2014.??.??"]
[WhiteTeam "SK Turm Emsdetten 2"]
[BlackTeam "SG Solingen 2"]

1. e4 e5 2. Nf3 Nc6 3. Bb5 a6 4. Bxc6 dxc6 5. Nc3 f6 6. d4 exd4 7. Qxd4 Qxd4 8.
Nxd4 Bd7 9. Be3 O-O-O 10. O-O-O Ne7 11. h3 g5 12. g4 Ng6 13. Nf5 h5 14. Bd4 Ne5
15. Bxe5 fxe5 16. Rdg1 Bc5 17. Nd1 Rdf8 $11 18. a3 Rh7 19. Kd2 Rfh8 20. Nde3 b5
21. Ke2 a5 22. gxh5 Rxh5 23. Rg3 a4 24. c3 Bxe3 25. Kxe3 Bxf5 26. exf5 Rf8 27.
Ke4 g4 28. Rxg4 Rhxf5 29. Rg8 Rf4+ 30. Kxe5 R4f5+ 31. Ke4 Rf4+ 32. Ke3 Rf3+ 33.
Ke2 Rxf2+ 34. Ke1 Rf1+ 35. Rxf1 Rxg8 36. Kf2 Kd7 37. Rg1 Rh8 38. Rh1 Kd6 39. h4
Kd5 40. Rh2 Kc4 41. h5 Kb3 42. Ke3 c5 43. Kf4 b4 44. cxb4 cxb4 45. axb4 a3 46.
bxa3 Kxa3 47. b5 Kb4 48. Kg5 Kxb5 49. Rb2+ Kc5 50. h6 Kd4 51. Rd2+ Kc3 52. Rd5
Kc4 53. Rf5 c5 54. Kg6 Kd4 55. Kg7 Rxh6 56. Kxh6 c4 57. Rf8 c3 58. Rc8 Kd3 59.
Kg5 c2 60. Kf4 Kd2 61. Rd8+ Ke2 62. Rc8 Kd2 63. Rxc2+ Kxc2 1/2-1/2

[Event "SG Solingen 2 - SK Turm Emsdetten 2"]
[Site "Oberliga NRW 2013/2014"]
[Date "2014.01.12"]
[Round "5.4"]
[White "Berg, Michael"]
[Black "Richter, Christian"]
[Result "1/2-1/2"]
[WhiteElo "2282"]
[BlackElo "2322"]
[PlyCount "21"]
[EventDate "2014.??.??"]
[WhiteTeam "SG Solingen 2"]
[BlackTeam "SK Turm Emsdetten 2"]

1. d4 Nf6 2. c4 g6 3. Nc3 Bg7 4. e4 d6 5. Nf3 O-O 6. Be2 Na6 7. O-O e5 8. Qc2
Nb4 9. Qd1 Na6 10. Qc2 Nb4 11. Qd1 1/2-1/2

[Event "SG Solingen 2 - SK Turm Emsdetten 2"]
[Site "Oberliga NRW 2013/2014"]
[Date "2014.01.12"]
[Round "5.5"]
[White "Rijnaarts, Sjef"]
[Black "Gupta, Milon"]
[Result "1/2-1/2"]
[WhiteElo "2390"]
[BlackElo "2236"]
[PlyCount "93"]
[EventDate "2014.??.??"]
[WhiteTeam "SK Turm Emsdetten 2"]
[BlackTeam "SG Solingen 2"]

1. e4 e5 2. Nf3 Nc6 3. Bb5 a6 4. Ba4 Nf6 5. O-O Be7 6. Re1 b5 7. Bb3 d6 8. c3
O-O 9. h3 Nb8 10. d4 Nbd7 11. Nbd2 Bb7 12. Bc2 Re8 13. Nf1 Bf8 14. Ng3 g6 15.
a4 c5 16. d5 c4 17. Bg5 h6 18. Be3 Nc5 19. Qd2 h5 20. Bg5 Be7 21. Ra3 Nfd7 22.
Be3 Qc7 23. Rea1 Nb6 24. axb5 axb5 25. Qc1 Nbd7 26. Nd2 Rxa3 27. Rxa3 Ra8 28.
Qa1 Rxa3 29. Qxa3 Bd8 30. f4 Qa5 31. Qxa5 Bxa5 32. Nf3 Bb6 33. fxe5 dxe5 34.
Kf2 f6 35. Nf1 Bc7 36. Nh4 f5 37. Nd2 Bd6 38. Ke2 Nb6 39. Kd1 Bc8 40. Kc1 Bd7
41. Bd1 Nc8 42. Be2 Ne7 43. Kc2 Kg7 44. Nhf3 Nc8 45. Nh2 Ne7 46. Nhf3 Nc8 47.
Nh4 1/2-1/2

[Event "SG Solingen 2 - SK Turm Emsdetten 2"]
[Site "Oberliga NRW 2013/2014"]
[Date "2014.01.12"]
[Round "5.6"]
[White "Hubert, Ralf"]
[Black "Hachijan, Armen"]
[Result "0-1"]
[WhiteElo "2242"]
[BlackElo "2232"]
[PlyCount "92"]
[EventDate "2014.??.??"]
[WhiteTeam "SG Solingen 2"]
[BlackTeam "SK Turm Emsdetten 2"]

1. d4 d6 2. Nf3 Nf6 3. Bg5 Nbd7 4. e3 g6 5. Nbd2 Bg7 6. Be2 O-O 7. O-O Qe8 8.
Ne1 e5 9. c3 a5 10. Bh4 h6 11. Kh1 Nb6 12. Bxf6 Bxf6 13. Bg4 Nd7 14. f4 Bg7 15.
f5 Nf6 16. Bh3 g5 17. Nd3 exd4 18. exd4 Qc6 19. Bg4 Re8 20. a4 Bd7 21. Bf3 Qa6
22. Be2 Rxe2 23. Qxe2 Re8 24. Qf3 Bc6 25. Qh3 g4 26. Qg3 Nh5 27. Qxg4 Qxd3 28.
Nf3 Nf6 29. Qf4 Re4 30. Qg3 Rg4 31. Rad1 Qxf5 32. Qe1 Qe6 33. Qd2 Ne4 34. Qc2
Qg6 35. Qe2 Bd5 36. Rde1 Qe6 37. Qe3 Bc4 38. Rg1 h5 39. d5 Bxd5 40. Nd4 Bxd4
41. cxd4 Qf6 42. Rgf1 Qg6 43. Rf4 Rxg2 44. Rxe4 Bxe4 45. Qxe4 Qxe4 46. Rxe4
Rxb2 0-1

[Event "SG Solingen 2 - SK Turm Emsdetten 2"]
[Site "Oberliga NRW 2013/2014"]
[Date "2014.01.12"]
[Round "5.7"]
[White "Topp, Michael"]
[Black "Lemanczyk, Thomas"]
[Result "1-0"]
[WhiteElo "1978"]
[BlackElo "2156"]
[PlyCount "51"]
[EventDate "2014.??.??"]
[WhiteTeam "SK Turm Emsdetten 2"]
[BlackTeam "SG Solingen 2"]

1. d4 Nf6 2. c4 e6 3. Nc3 Bb4 4. e3 c5 5. Nge2 d6 6. a3 Ba5 7. Rb1 Bxc3+ 8.
Nxc3 O-O 9. Bd3 e5 10. d5 Ne8 11. O-O f5 12. b4 b6 13. f4 e4 14. Be2 Qe7 15.
Bb2 Nd7 16. Qa4 Ndf6 17. bxc5 bxc5 18. Ba1 Rf7 19. Rb3 Qd8 20. Rfb1 Bd7 21. Qa6
Bc8 22. Qa4 Bd7 23. Qa6 Bc8 24. Qc6 Bd7 25. Qxa8 Qxa8 26. Rb8 1-0

[Event "SG Solingen 2 - SK Turm Emsdetten 2"]
[Site "Oberliga NRW 2013/2014"]
[Date "2014.01.12"]
[Round "5.8"]
[White "Schlecht, Daniel"]
[Black "Visschedijk, Theo"]
[Result "1-0"]
[WhiteElo "2290"]
[BlackElo "1841"]
[PlyCount "35"]
[EventDate "2014.??.??"]
[WhiteTeam "SG Solingen 2"]
[BlackTeam "SK Turm Emsdetten 2"]

1. d4 d5 2. c4 e6 3. Nf3 Nf6 4. Nc3 Be7 5. Bf4 O-O 6. e3 b6 7. cxd5 exd5 8. Bd3
Bb7 9. O-O Nbd7 10. Ne5 Ne4 11. Qc2 Ndf6 12. Rfd1 a6 13. Rac1 Rc8 14. Qe2 Ra8
15. a3 c5 16. Bxe4 dxe4 17. dxc5 Qc7 18. Ng6 1-0

[Event "Klub Kölner SF 1 - SK Münster 1"]
[Site "Oberliga NRW 2013/2014"]
[Date "2014.01.12"]
[Round "5.1"]
[White "Kuijf, Marinus"]
[Black "Tugui, Adrian"]
[Result "1/2-1/2"]
[WhiteElo "2357"]
[BlackElo "2379"]
[PlyCount "80"]
[EventDate "2014.??.??"]
[WhiteTeam "SK Münster 1"]
[BlackTeam "Klub Kölner SF 1"]

1. e4 c5 2. c3 d5 3. exd5 Qxd5 4. Nf3 Nf6 5. d4 e6 6. Na3 Qd8 7. Nc2 Nbd7 8.
Bd3 Be7 9. O-O b6 10. Bf4 Bb7 11. Qe2 Nh5 12. Bd2 Qc7 13. Ne5 Nxe5 14. dxe5
O-O-O 15. Ba6 Bxa6 16. Qxa6+ Qb7 17. Qe2 g5 18. Qxh5 Rxd2 19. Ne3 Rf8 20. Nc4
Rdd8 21. Rad1 Qe4 22. Rxd8+ Rxd8 23. Qxf7 Qxc4 24. Qxe7 Qxa2 25. Qxh7 a5 26. b4
axb4 27. cxb4 c4 28. Qh3 g4 29. Qe3 Kc7 30. h4 gxh3 31. Qxh3 Qe2 32. Qxe6 c3
33. Qf7+ Rd7 34. Qf4 Kb7 35. e6 Rd1 36. Rxd1 Qxd1+ 37. Kh2 Qh5+ 38. Kg1 Qd1+
39. Kh2 Qh5+ 40. Kg1 Qd1+ 1/2-1/2

[Event "Klub Kölner SF 1 - SK Münster 1"]
[Site "Oberliga NRW 2013/2014"]
[Date "2014.01.12"]
[Round "5.2"]
[White "Seul, Georg"]
[Black "Bosboom, Manuel"]
[Result "0-1"]
[WhiteElo "2359"]
[BlackElo "2437"]
[PlyCount "80"]
[EventDate "2014.??.??"]
[WhiteTeam "Klub Kölner SF 1"]
[BlackTeam "SK Münster 1"]

1. e4 g6 2. d4 Bg7 3. Nf3 c6 4. h3 d6 5. Bd3 Nf6 6. O-O O-O 7. Re1 Nfd7 8. Nbd2
b5 9. Nf1 Na6 10. Be3 Qa5 11. a3 e5 12. b4 Qc7 13. c3 Nb6 14. Qc1 Be6 15. Bh6
Nb8 16. Bxg7 Kxg7 17. Ne3 N8d7 18. Ng4 Bxg4 19. hxg4 Nf6 20. g5 Nh5 21. c4 Nf4
22. Bf1 bxc4 23. g3 Ne6 24. dxe5 dxe5 25. Bxc4 Nxc4 26. Qxc4 Rad8 27. Rac1 Qe7
28. Nxe5 Qxg5 29. Nxc6 Rd6 30. Qc3+ Kg8 31. Rcd1 Rxd1 32. Rxd1 Re8 33. Rd7 h5
34. Qe5 Qc1+ 35. Kg2 Qxc6 36. Rxa7 h4 37. b5 Qc4 38. b6 hxg3 39. f3 Qc1 40.
Kxg3 Qg1+ 0-1

[Event "Klub Kölner SF 1 - SK Münster 1"]
[Site "Oberliga NRW 2013/2014"]
[Date "2014.01.12"]
[Round "5.3"]
[White "Molinaroli, Martin"]
[Black "Morawietz, Dieter"]
[Result "1/2-1/2"]
[WhiteElo "2226"]
[BlackElo "2298"]
[PlyCount "96"]
[EventDate "2014.??.??"]
[WhiteTeam "SK Münster 1"]
[BlackTeam "Klub Kölner SF 1"]

1. b3 e5 2. Bb2 Nc6 3. e3 a6 4. Nf3 e4 5. Nd4 Nxd4 6. Bxd4 Nf6 7. c4 Be7 8. Nc3
c6 9. Qc2 d5 10. cxd5 cxd5 11. Be2 Be6 12. O-O O-O 13. f3 Rc8 14. Qb2 exf3 15.
Bxf3 Rc6 16. Ne2 Bf5 17. Bc3 Bd3 18. Rfc1 Qd7 19. Be5 Qf5 20. Bg3 Ne4 21. Nd4
Qf6 22. Bxe4 dxe4 23. Rf1 Rc2 24. Qxc2 Bxc2 25. Rxf6 Bxf6 26. Nxc2 Bxa1 27.
Nxa1 Rd8 28. Be5 Rxd2 29. a4 f6 30. Bd4 b5 31. axb5 axb5 32. b4 Kf7 33. Nb3
Rd1+ 34. Kf2 Rb1 35. Nd2 Rxb4 36. Nxe4 Ke6 37. g4 Kd5 38. Ng3 Ra4 39. Nf5 g6
40. Ne7+ Ke4 41. Ng8 b4 42. Nxf6+ Kd3 43. Nd7 Ra2+ 44. Kg3 b3 45. Ne5+ Kc2 46.
Nc4 Ra4 47. Nb2 Ra2 48. e4 Rxb2 1/2-1/2

[Event "Klub Kölner SF 1 - SK Münster 1"]
[Site "Oberliga NRW 2013/2014"]
[Date "2014.01.12"]
[Round "5.4"]
[White "Helbig, Mark"]
[Black "Emunds, Hans Georg"]
[Result "1-0"]
[WhiteElo "2238"]
[BlackElo "2203"]
[PlyCount "119"]
[EventDate "2014.??.??"]
[WhiteTeam "Klub Kölner SF 1"]
[BlackTeam "SK Münster 1"]

1. d4 Nf6 2. Nf3 b6 3. g3 Bb7 4. Bg2 e6 5. c4 Be7 6. O-O O-O 7. Re1 d5 8. cxd5
exd5 9. Nc3 c5 10. b3 Ne4 11. Bb2 Nxc3 12. Bxc3 Nd7 13. Rc1 Re8 14. e3 Bd6 15.
Nh4 Bf8 16. dxc5 Nxc5 17. Nf5 Ne6 18. h4 Rc8 19. Qg4 g6 20. Nd4 h5 21. Nxe6
hxg4 22. Nxd8 Rexd8 23. Bb2 Bg7 24. Bxg7 Kxg7 25. Red1 Rxc1 26. Rxc1 Rd7 27.
Rd1 Kf6 28. Rd4 Kf5 29. Bf1 Rc7 30. Be2 Rc1+ 31. Kg2 Ra1 32. a4 Ra3 33. Bxg4+
Ke5 34. Bd1 Ra1 35. g4 Rc1 36. Kg3 Rc8 37. g5 a5 38. f4+ Kd6 39. h5 gxh5 40.
Bxh5 Rc3 41. Kf2 Ke6 42. b4 Rb3 43. b5 Rb2+ 44. Kf3 Rh2 45. Bg4+ Kd6 46. Kg3
Rb2 47. f5 Ke5 48. Rf4 Rb3 49. Kf2 Rb2+ 50. Kg3 Rb3 51. Rf3 Bc8 52. g6 Kf6 53.
g7 Kxg7 54. f6+ Kg6 55. Bxc8 Rb4 56. Rf4 Rb3 57. Kf3 Rc3 58. Bb7 d4 59. Rxd4
Kxf6 60. Rd6+ 1-0

[Event "Klub Kölner SF 1 - SK Münster 1"]
[Site "Oberliga NRW 2013/2014"]
[Date "2014.01.12"]
[Round "5.5"]
[White "Wolter, Kai"]
[Black "Zuse, Peter"]
[Result "1-0"]
[WhiteElo "2238"]
[BlackElo "2257"]
[PlyCount "73"]
[EventDate "2014.??.??"]
[WhiteTeam "SK Münster 1"]
[BlackTeam "Klub Kölner SF 1"]

1. e4 c5 2. Nf3 d6 3. d4 cxd4 4. Nxd4 Nf6 5. Nc3 a6 6. Be2 e5 7. Nb3 Be7 8. O-O
O-O 9. Kh1 b6 10. Bg5 Nbd7 11. Nd5 Bb7 12. Nxe7+ Qxe7 13. f3 h6 14. Bh4 Qe6 15.
Qd2 d5 16. exd5 Bxd5 17. Rac1 Bc4 18. Bd3 Rac8 19. Rfe1 Rfe8 20. Nd4 Qd5 21.
Nf5 Bxd3 22. Qxd3 Qe6 23. c4 e4 24. fxe4 Nxe4 25. Rxe4 Qxe4 26. Qxe4 Rxe4 27.
Ne7+ Kf8 28. Nxc8 Rxh4 29. b4 Rd4 30. h3 Ke8 31. c5 Rxb4 32. c6 Nc5 33. c7 Ne4
34. Nxb6 Nd6 35. c8=Q+ Nxc8 36. Rxc8+ Ke7 37. Nd5+ 1-0

[Event "Klub Kölner SF 1 - SK Münster 1"]
[Site "Oberliga NRW 2013/2014"]
[Date "2014.01.12"]
[Round "5.6"]
[White "Bonnmann, Reinhard"]
[Black "Chilla, Jan Eric"]
[Result "0-1"]
[WhiteElo "2189"]
[BlackElo "2149"]
[PlyCount "178"]
[EventDate "2014.??.??"]
[WhiteTeam "Klub Kölner SF 1"]
[BlackTeam "SK Münster 1"]

1. d4 Nf6 2. Nf3 e6 3. g3 d5 4. Bg2 b5 5. O-O Bb7 6. b3 Nbd7 7. c4 bxc4 8. bxc4
dxc4 9. Qa4 c5 10. Nc3 cxd4 11. Nxd4 Bxg2 12. Kxg2 Bc5 13. Nc6 Qc8 14. Rd1 O-O
15. Bf4 Qb7 16. f3 Rac8 17. Na5 Qb4 18. Rac1 Nb6 19. Qxb4 Bxb4 20. Nb7 Nfd5 21.
Nxd5 Nxd5 22. Nd6 Bxd6 23. Bxd6 Ne3+ 24. Kg1 Rfd8 25. Rd2 c3 26. Rd3 Nf5 27.
Be5 Rxd3 28. exd3 c2 29. Kf2 f6 30. Bb2 Kf7 31. Ke2 g5 32. Kd2 e5 33. Bc3 Ne7
34. Rxc2 Nd5 35. Rc1 h5 36. Bb2 Rxc1 37. Bxc1 g4 38. fxg4 hxg4 39. Ba3 Ke6 40.
Bc5 a6 41. Kc2 Nc7 42. Bb6 Nd5 43. Bc5 f5 44. Kd2 Nf6 45. Ke2 Kd5 46. Be3 Nd7
47. Kd2 Nf8 48. Bb6 Ne6 49. Ke3 Kc6 50. Ba5 Kc5 51. Bc3 Kd5 52. Ba5 Nd4 53. Bc3
Nc2+ 54. Kd2 Nd4 55. Ke3 Ne6 56. Ba5 f4+ 57. gxf4 exf4+ 58. Ke2 Kd4 59. Bb6+
Kc3 60. Ba5+ Kb2 61. Bb6 Kxa2 62. d4 f3+ 63. Kf2 Nf4 64. Kg3 Kb3 65. d5 Nxd5
66. Bf2 Nf6 67. Kf4 Kc4 68. h3 gxh3 69. Kxf3 h2 70. Kg2 Ng4 71. Be1 Kb5 72. Bd2
Ne5 73. Bc3 Nf3 74. Kh1 Kc4 75. Ba5 Kb3 76. Kg2 Ka4 77. Bc3 Kb5 78. Kh1 Kc4 79.
Ba5 Nd4 80. Kxh2 Kb5 81. Bc3 Nc6 82. Kg2 Kc4 83. Ba1 Kd3 84. Kf3 a5 85. Kf4 a4
86. Bb2 Kc2 87. Ba3 Kb3 88. Bc1 Na5 89. Ke4 Nc4 0-1